| 000 | 00686cam a2200229 4500 | ||
|---|---|---|---|
| 001 | ABS62080 | ||
| 008 | 000000n2000 000 0 eng u | ||
| 035 | _a(Sirsi) u105173 | ||
| 100 | _aSpring, M. | ||
| 245 | _aWe hate to say it but ... Charles was right | ||
| 260 | _c2000 | ||
| 490 |
_aBuilding _v265(13) 31March 2000, 36-41(6) |
||
| 520 | _aCritique of Poundbury model village which awards marks out of 5 for fitness for purpose, delight, comfort and maintainability. | ||
| 590 | _aABS | ||
| 650 | _aPOUNDBURY | ||
| 650 | _aDENSITY | ||
| 650 | _aSOCIAL HOUSING | ||
| 650 | _aURBAN DEVELOPMENT | ||
| 650 | _aSUSTAINABLE DEVELOPMENT | ||
| 690 | _aHOUSING | ||
| 942 | _n0 | ||
| 999 |
_c63071 _d63071 |
||